Upravujeme zahradu III. : Architektura, skalky, návrhy, příklady

Gespeichert in:
Bibliographische Detailangaben
1. Verfasser: Hájek, Václav (Verfasst von)
Format: Buch
Sprache:Tschechisch
Veröffentlicht: Praha : Grada Publishing, 1998
Schlagworte:
Tags: Tag hinzufügen
Keine Tags, Fügen Sie das erste Tag hinzu!

MARC

LEADER 00000nam a22000003a 4500
001 stu49572
005 20190206132348.5
008 990506s1998------------------------cze-d
020 |a 80-7196-721-4 
040 |a STU  |b slo 
041 0 |a cze 
100 1 |a Hájek, Václav  |4 aut 
245 1 |a Upravujeme zahradu III. :  |b Architektura, skalky, návrhy, příklady 
260 |a Praha :  |b Grada Publishing,  |c 1998 
300 |a 96 s 
500 |a obr. 
650 7 |a záhrady_architektúra  |2 stusub 
650 7 |a záhradná architektúra  |2 stusub 
996 |b 284AU02917  |c A*3162 U  |l AAKNAR  |s A  |a 24  |w stu49572_0001